000
00299nam a22001337a 4500
008
260212b ||||| |||| 00| 0 eng d
020
_a
9788861823716
041
_a
ital
080
_a
0.2
100
_a
20
101
_a
ital
245
_a
Le Citta Impossibili
_c
Maurizio Sandrini
942
_2
lcc
_c
BK
999
_c
60789
_d
60789